000 00756nam a22001937a 4500
999 _c164568
_d164568
005 20190523103745.0
010 _aUR-10139
020 _c200.00
_a9789388105071
035 _aU-8694
037 _bDBAD/PUB
082 _aک
100 _aکير تی ما لنی و ٹھل راؤ جا و کۓ
245 _aپر يم چند کے منتخب د لت افسا نے
_cکير تی ما لنی و ٹھل راؤ جا و کۓ
246 _bPrem Chand ke Muntakhab Dalit Afsane (Urdu)
_aby Dr. Kirtimalini Vithal Rao Jawale
260 _a Delhi
_bEducational Publishing House
_c2018 ء
270 _a3191،Vakil Street,Kucha Pandit,Lal Kuan,
_bDelhi
_e110006
_k23216162
_l00911123211540
300 _a175ص
_c22 Cm.(bk)
942 _2ddc
_cUR
_hک
_mپ ر ے